| 000 | 00760nam a2200241Ia 4500 | ||
|---|---|---|---|
| 003 | OSt | ||
| 005 | 20240514152834.0 | ||
| 008 | 210716s2002 xx 000 0 und d | ||
| 020 | _a8176562068 | ||
| 040 | _cAIMIT LIBRARY | ||
| 041 | _aeng | ||
| 082 |
_a005.1331 _21 _bKANY |
||
| 100 |
_aKanetkar, Yashavant P. _9164463 |
||
| 245 |
_aVC++ com and beyond / _cBy Yashavant P Kanetkar and Sudesh Saoji. |
||
| 250 | _a1st ed. | ||
| 260 |
_aNew Delhi : _bBPB Publications , _c2002. |
||
| 300 |
_axiv, 842p. ; _bPB _c21 cm. |
||
| 650 |
_aDocument /view architecture _9164464 |
||
| 650 |
_aMultiple document interface _9164465 |
||
| 650 |
_aPrinting and print previewing _9164466 |
||
| 700 |
_aSaoji, Sudesh. _9164467 |
||
| 942 |
_2ddc _cBK _e1st ed. _k005.1331 KANY |
||
| 999 |
_c186888 _d186888 |
||